Поздравительная телеграмма, в связи с 10-летием газеты "Кзыл Юлдуз"

Доступно только в Электронных читальных залах Найти на картеНа карте
RUSMARC
00004629nmc2a22003133x 450
00145b657d5-f00b-434f-b8a6-1b77a3c532b1
00520260131224559.0
100##$a20251127l19351936k y0rusy50 ca
1010#$arus
$auzb
102##$aRU
105##$ac z |||||
1222#$ad19351010
$ad19360228
2001#$aПоздравительная телеграмма, в связи с 10-летием газеты "Кзыл Юлдуз"
$j10.10.1935 - 28.02.1936
215##$a3 листа
$cпортр.
$d36,4 х 24
251##$cДело
300##$aЧасть текста машинописная, часть - напечатана типографским способом с рукописными пометками
300##$aЧасть текста на узбекском языке
300##$aВ деле имеются телеграммы
330##$aВходит в раздел описи: Совет Национальностей
461#0$1001796d4672-8a00-4986-b488-6e42273792cc
$12001
$aЦЕНТРАЛЬНЫЙ ИСПОЛНИТЕЛЬНЫЙ КОМИТЕТ СССР (ЦИК СССР).
$1251
$cФонд
$1852
$gР
$j3316
462#0$1001b2b03070-aa26-4135-b154-6f52ec7c8bcd
$12001
$aДела Секретариата Президиума ЦИК Союза ССР за 1935 год
$vД. 856
$1251
$cОпись
$1852
$j28
60102$a"Кзыл Юлдуз", газета
605##$3DITM\AF\0000002775
$aВласть
$lколлекция
$2acquisition_prlib
6101#$aПоздравительная телеграмма
$aКзыл Юлдуз
$aГазета
686##$a67.401.011.12ю1
$cПраво
$2rubbk
686##$a63.3(2)614-332ю1
$cИстория
$2rubbk
801#0$aRU
$bGA_RF
801#1$aRU
$bГлавНИВЦ
$c20251127
$2rusmarc
801#2$aRU
$bПБ им. Б.Н. Ельцина
$c20260131
$gRCR
$2rusmarc
852##$aГА РФ
$j856
937##$d200308738
$hГАРФ
035##$aRuPRLIB51082424
856##$uhttp://readingroom.main.prlib.ru/item.aspx?id_node=n200308738&mode=full
Формат отображения